000 00310nam a2200133Ia 4500
100 _aWilliam G.
942 _cBK
654 _aWorkshop calculations.
245 _aWorkshop calculations for machine tools.
260 _bThe english book depot.
_c2001
082 _a621.9
300 _a172
546 _aENGLISH
999 _c20135
_d20135